| 000 | 00609nam 22002053 4500 | ||
|---|---|---|---|
| 001 | 199473 | ||
| 010 | _a978-972-23-7152-0 | ||
| 021 | _b515891/23 | ||
| 090 | _a199473 | ||
| 100 | _a20251210d u||y0pory50 ba | ||
| 200 |
_aO pequeno restaurante da felicidade _fIto Ogawa _gtradução do japonês de Maria Edite Ferreira |
||
| 205 | _a1ª | ||
| 210 |
_aBarcarena _cEditorial Presença _d2023 |
||
| 215 |
_a206 p. _cbrochado _d23 cm |
||
| 606 |
_91701 _aLiteratura Japonesa |
||
| 675 |
_a821.521 _vPT _zpor |
||
| 700 |
_915309 _aOgawa _bIto _f1973- |
||
| 801 |
_aPT _bBMMN _gRPC |
||
| 830 |
_cFernando _fFernando |
||
| 990 | _cLIVROS | ||